[Event "Alvar Cup"]
[Site "Zaragoza"]
[Date "1999.??.??"]
[Round "?"]
[White "Ramo Frontinan, Cristobal"]
[Black "Ramiro Ovejero, Juan Luis"]
[Result "1/2-1/2"]
[WhiteElo "2375"]
[BlackElo "2158"]
[PlyCount "42"]
[EventDate "1999.11.??"]
[EventType "swiss"]
[EventRounds "9"]
[EventCountry "ESP"]
[SourceTitle "CBM 073 Extra"]
[Source "ChessBase"]
[SourceDate "2000.01.11"]
[SourceVersion "1"]
[SourceVersionDate "2000.01.11"]
[SourceQuality "1"]

1. e4 c6 2. d4 d5 3. Nd2 dxe4 4. Nxe4 Nd7 5. Ng5 Ngf6 6. Bd3 e6 7. N1f3 h6 8. Nxe6 Qe7 9. 0-0 fxe6 10. Bg6+ Kd8 11. Bf4 Nd5 12. Bg3 Qb4 13. Qe2 Be7 14. c3 Qa5 15. c4 N5f6 16. Rfd1 Nf8 17. Bc2 Qh5 18. Qe1 N8d7 19. Nh4 Nf8 20. Nf3 N8d7 21. Nh4 Nf8 1/2-1/2

[Event "ARAEQ1 op"]
[Site "Spain"]
[Date "1997.??.??"]
[Round "?"]
[White "Ramo Frontinan, Cristobal"]
[Black "Fontana Sotomayour, Luis Javier"]
[Result "1/2-1/2"]
[WhiteElo "2385"]
[BlackElo "2250"]
[PlyCount "41"]
[EventDate "1997.??.??"]
[EventType "swiss"]
[EventRounds "11"]
[EventCountry "ESP"]
[SourceTitle "EXT 2003"]
[Source "ChessBase"]
[SourceDate "2002.11.25"]
[SourceVersion "1"]
[SourceVersionDate "2002.11.25"]
[SourceQuality "1"]

1. Nf3 Nf6 2. g3 b6 3. Bg2 Bb7 4. 0-0 c5 5. d3 d5 6. Nbd2 e6 7. e4 Nc6 8. Re1 Be7 9. c3 Qc7 10. exd5 Nxd5 11. a4 0-0 12. Nc4 Rad8 13. Qb3 Ba6 14. Bg5 Bxg5 15. Nxg5 h6 16. Nf3 Nde7 17. Rad1 Rd5 18. Rd2 Rfd8 19. Red1 R5d7 20. Bf1 Nf5 21. Re1 1/2-1/2